| 000 | 00658cam a22002172 4500 | ||
|---|---|---|---|
| 001 | 0000000141 | ||
| 005 | 20151021151038.0 | ||
| 008 | 070111s xx 000 0 eng d | ||
| 020 |
_a997151348X : _cKES 3,950 |
||
| 040 |
_aKABU _cKABU |
||
| 100 | 1 |
_aSchneier, Bruce. _@0000148176 |
|
| 245 | 1 | 0 |
_aApplied cryptography : _bprotocols, algorithms and source code in C. |
| 250 | _a2nd ed. | ||
| 260 |
_aNew York : _bJohn Wiley, _c1996. |
||
| 300 | _axxiii, 758 p. | ||
| 650 | 0 |
_aComputer security. _@0000148177 |
|
| 650 | 0 |
_aCryptography. _@0000067596 |
|
| 908 | _a070111 | ||
| 950 | _@1 | ||
| 999 |
_c28 _d28 |
||